00692nam a2200181 a 4500003000200000005001700002008004100019050002800060100002700088245007100115260009300186300004000279504004100319650002900360650004200389650003300431650004600464020250228095507.0100819s19uu xx 00 eng d aPGS RA 777 b.R625 2010 aRivilla, Bryan Eric B. aTypes of sports and health consciousness /cBryan Eric B. Rivilla. aLas Piñas City, Philippines : bSouthville International School and Colleges, c2010. a23 pages :billustrations ;c28 cm. aIncludes bibliographical references. aSportsvHealth aspects.  aStudent athletesvHealth and hygiene. aAdolescent health behavior.  aHealth attitudes in high school students.